| 000 | 00341nam a22001337a 4500 | ||
|---|---|---|---|
| 020 | _qHB. | ||
| 040 | _cFIZZA ISHAQ | ||
| 082 |
_a005.1 _bRAY |
||
| 100 |
_aRAYNUS, JOSEPH. _989296 |
||
| 245 |
_aSOFTWARE PROCESS IMPROVEMENT WITH CMM / _cJOSEPH RAYNUS. |
||
| 260 |
_aNEW YORK ; _bARTECH HOUSE, _c1999. |
||
| 300 | _a498 P. ; | ||
| 942 |
_2ddc _cBK |
||
| 999 |
_c588081 _d588081 |
||